| 000 | 01063nam a2200265 a 4500 | ||
|---|---|---|---|
| 001 | BRCA_6529 | ||
| 005 | 20190320205507.0 | ||
| 008 | 290911s2002----mx-a######---#000-0#spa-# | ||
| 020 | _a9685343160 | ||
| 041 | _aspa | ||
| 050 | 4 | _bC37 2002 | |
| 100 | 1 |
_aCárdenas Gutiérrez, Salvador _916293 |
|
| 245 | 1 | 0 |
_aEl obraje de Mixcoac _ben el siglo XVIII _cSalvador Cárdenas Gutiérrez. |
| 260 |
_aGuadalajara, Jalisco _bUniversidad Panamericana: Lindero _c2002 |
||
| 300 |
_a195 p. _bil. (algunas a color) _c30 cm. |
||
| 500 | _aIncluye identificación de imágenes | ||
| 500 | _aIncluye piezas de la colección Franz Mayer: p. 53, 75, 87, 91, 100, 107, 123, 130, 132, 134, 135, 155, 165 y 170. | ||
| 500 | _aDonación Dra. Elsa Barberena | ||
| 504 | _aBibliografía: p. 190-192. | ||
| 650 | 1 | 4 |
_aArquitectura de edificios _zMéxico _916294 |
| 650 | 1 | 4 |
_aEdificios históricos _xConservación y restauración _zMixcoac, (Ciudad de México) _916295 |
| 650 | 1 | 4 |
_aManufactura _xTejidos, artesanías, etc. _ySiglo XVI-XVIII _916296 |
| 902 | _aDEB | ||
| 942 |
_2lcc _cB |
||
| 999 |
_c6213 _d6213 |
||